[Event "Fagernes op"]
[Site "Fagernes"]
[Date "2022.04.11"]
[Round "2"]
[White "Zadruzny, Nicolaj"]
[Black "Urkedal, Frode Olav Olsen"]
[Result "0-1"]
[WhiteElo "2258"]
[BlackElo "2539"]
[PlyCount "149"]
[EventDate "2022.04.10"]
[EventType "swiss"]
[EventRounds "9"]
[EventCountry "NOR"]
[SourceTitle "CBM 207 Extra"]
[Source "ChessBase"]
[SourceDate "2022.05.31"]
[SourceVersion "1"]
[SourceVersionDate "2022.05.31"]
[SourceQuality "1"]

1. d4 Nf6 2. c4 e6 3. Nc3 Bb4 4. Bd2 0-0 5. e3 d5 6. Nf3 b6 7. cxd5 exd5 8. Rc1 Re8 9. Ne5 Bb7 10. Bd3 Bf8 11. 0-0 c5 12. f4 Nc6 13. Ne2 Rc8 14. Ng3 Rc7 15. Nh5 Nxh5 16. Qxh5 g6 17. Qf3 cxd4 18. Nxc6 Rxc6 19. Rxc6 Bxc6 20. exd4 Bg7 21. Bc3 f5 22. Qf2 Qd7 23. Re1 Bb5 24. Bc2 a5 25. Re3 Kf7 26. Qe1 Rxe3 27. Qxe3 Ba6 28. a4 Qc6 29. Qd2 Bf6 30. Kf2 h5 31. g3 h4 32. Qd1 hxg3+ 33. hxg3 Qe8 34. Qf3 Kg7 35. Qe3 Qc6 36. Qd2 Kf7 37. Qd1 Qc8 38. Qd2 Be7 39. Bd1 Qc6 40. b3 Bf6 41. Bf3 Kg7 42. Bb2 b5 43. axb5 Qxb5 44. Be2 Qb6 45. Bxa6 Qxa6 46. Bc3 a4 47. bxa4 Qxa4 48. Bb4 Qa1 49. Bc5 Qh1 50. Qe3 Qh2+ 51. Kf1 Qh1+ 52. Kf2 Qd1 53. Kg2 Qc2+ 54. Kf1 Qd1+ 55. Kg2 Kh6 56. Kf2 Bg7 57. Kg2 Qc2+ 58. Kh3 Qd1 59. Kg2 Bf6 60. Kf2 Kh7 61. Kg2 Qc2+ 62. Kh3 Qe4 63. Qxe4 dxe4 64. g4 Kg8 65. gxf5 gxf5 66. Kg3 Kf7 67. Kf2 Ke6 68. Ke3 Kd5 69. Bb6 Kc4 70. Bc5 Bh4 71. Bd6 Bg3 72. Be5 Bh2 73. Kf2 Kd3 74. Bc7 e3+ 75. Kf3 0-1

[Event "Kragero op"]
[Site "Kragero"]
[Date "2022.02.26"]
[Round "7"]
[White "Zadruzny, Nicolaj"]
[Black "Mierins, Emils Janis"]
[Result "1/2-1/2"]
[WhiteElo "2280"]
[BlackElo "2025"]
[PlyCount "221"]
[EventDate "2022.02.23"]
[EventType "swiss"]
[EventRounds "9"]
[EventCountry "NOR"]
[SourceTitle "CBM 207 Extra"]
[Source "ChessBase"]
[SourceDate "2022.05.31"]
[SourceVersion "1"]
[SourceVersionDate "2022.05.31"]
[SourceQuality "1"]

1. d4 Nf6 2. Nf3 g6 3. c4 c5 4. Nc3 cxd4 5. Nxd4 Bg7 6. e4 0-0 7. Be2 Nc6 8. Be3 d6 9. 0-0 a6 10. Qd2 Nd7 11. Nc2 Nb6 12. Rad1 Be6 13. b3 Qc7 14. f4 f5 15. Nd5 Bxd5 16. exd5 Nd8 17. Bd4 Nd7 18. Bxg7 Kxg7 19. Nd4 Nf6 20. Bf3 b5 21. Rc1 bxc4 22. Rxc4 Qb7 23. Rfc1 Ne4 24. Bxe4 fxe4 25. Nc6 Nxc6 26. dxc6 Qb6+ 27. Kh1 e3 28. Qc3+ e5 29. Re4 Rac8 30. h3 e2 31. Rxe2 Rxf4 32. Rd2 Rxc6 33. Qxc6 Rf1+ 34. Rxf1 Qxc6 35. Rfd1 Qc3 36. Rxd6 a5 37. R6d3 Qc2 38. R3d2 Qc3 39. Re2 Qc5 40. Rde1 Qa3 41. Rc2 a4 42. bxa4 Qxa4 43. Rce2 h5 44. Rf2 Qa5 45. Re3 Qc5 46. Rfe2 Qc1+ 47. Kh2 Qf1 48. Rxe5 Qf4+ 49. g3 Qa4 50. h4 Qd1 51. Rf2 Qd7 52. Re4 Qb7 53. Ref4 Qa6 54. Rf6 Qc4 55. Rf8 Kh6 56. R8f4 Qa6 57. a4 Qa5 58. Rb2 Qe5 59. Ra2 Qd5 60. Rff2 Qa5 61. Rfb2 Kg7 62. Rb5 Qa6 63. Rc5 Qb6 64. Rac2 Qb3 65. a5 Qa3 66. Rg5 Qa4 67. Rb2 Qc4 68. Rgb5 Qa4 69. Rc5 Kh6 70. Rbc2 Qa1 71. Kg2 Qa4 72. R2c3 Qe4+ 73. Kf2 Qd4+ 74. Ke2 Qa4 75. Kd3 Qa2 76. Kd4 Qa4+ 77. Kd3 Qa2 78. Rg5 Qa4 79. Rc4 Qa3+ 80. Ke4 Qd6 81. Rcc5 Qd7 82. Rb5 Qe6+ 83. Kd4 Qd6+ 84. Kc4 Qc6+ 85. Kb4 Qd6+ 86. Rbc5 Qa6 87. Ka4 Qb7 88. Rb5 Qe4+ 89. Rb4 Qc6+ 90. Kb3 Qe6+ 91. Rc4 Qd6 92. Ka4 Qd7+ 93. Kb4 Qb7+ 94. Rb5 Qe7+ 95. Rbc5 Qb7+ 96. Ka4 Qd7+ 97. Rc6 Qd1+ 98. Kb5 Qb3+ 99. Rb4 Qd5+ 100. Kb6 Qd8+ 101. Kb5 Qd5+ 102. Rc5 Qb7+ 103. Ka4 Qd7+ 104. Rcb5 Qc6 105. Rb3 Qc4+ 106. Ka3 Qc1+ 107. Kb4 Qc6 108. Rb6 Qe4+ 109. Kb5 Qd5+ 110. Ka4 Qd7+ 111. Ka3 1/2-1/2

[Event "Kragero op"]
[Site "Kragero"]
[Date "2022.02.25"]
[Round "6"]
[White "Donchenko, Alexander"]
[Black "Zadruzny, Nicolaj"]
[Result "1-0"]
[WhiteElo "2636"]
[BlackElo "2280"]
[PlyCount "83"]
[EventDate "2022.02.23"]
[EventType "swiss"]
[EventRounds "9"]
[EventCountry "NOR"]
[SourceTitle "CBM 207 Extra"]
[Source "ChessBase"]
[SourceDate "2022.05.31"]
[SourceVersion "1"]
[SourceVersionDate "2022.05.31"]
[SourceQuality "1"]

1. c4 Nf6 2. Nc3 e6 3. e4 d5 4. cxd5 exd5 5. e5 Ne4 6. Nf3 Nc6 7. Bb5 Nxc3 8. bxc3 Be7 9. d4 Bf5 10. 0-0 0-0 11. Re1 Qd7 12. Bf4 a6 13. Bf1 Nd8 14. Qb3 Ne6 15. Be3 b5 16. a4 c6 17. Ra2 Rab8 18. axb5 axb5 19. Rea1 Nc7 20. Bf4 Ra8 21. Ra7 Be6 22. Ng5 Rxa7 23. Rxa7 Ra8 24. Rxa8+ Nxa8 25. Nxe6 Qxe6 26. Qa2 Nb6 27. Qa7 Nd7 28. h3 f5 29. Qa8+ Nf8 30. Bd3 Qd7 31. Be3 h5 32. Kh2 Kf7 33. Be2 g6 34. g4 hxg4 35. hxg4 fxg4 36. Kg3 Qe8 37. Qb7 Ne6 38. Bxg4 Nd8 39. Qc8 Qh8 40. Kg2 Qh4 41. Bf4 Bg5 42. Bg3 1-0

[Event "Kragero op"]
[Site "Kragero"]
[Date "2022.02.23"]
[Round "2"]
[White "Kulaots, Kaido"]
[Black "Zadruzny, Nicolaj"]
[Result "1-0"]
[WhiteElo "2527"]
[BlackElo "2280"]
[PlyCount "75"]
[EventDate "2022.02.23"]
[EventType "swiss"]
[EventRounds "9"]
[EventCountry "NOR"]
[SourceTitle "CBM 207 Extra"]
[Source "ChessBase"]
[SourceDate "2022.05.31"]
[SourceVersion "1"]
[SourceVersionDate "2022.05.31"]
[SourceQuality "1"]

1. e4 e5 2. Nf3 Nc6 3. Bb5 Nf6 4. d3 Bc5 5. c3 0-0 6. 0-0 d6 7. h3 a6 8. Ba4 Ba7 9. Re1 Ne7 10. Nbd2 Ng6 11. d4 c6 12. Bc2 Re8 13. dxe5 dxe5 14. Nc4 Qe7 15. Nd6 Rd8 16. Nxc8 Raxc8 17. Qe2 Nh5 18. Bg5 f6 19. Be3 b5 20. g3 Bxe3 21. Qxe3 Nf8 22. a4 g6 23. Bb3+ Kh8 24. axb5 axb5 25. Ra6 Ng7 26. Rea1 Nge6 27. Ra7 Rd7 28. Rxd7 Qxd7 29. h4 Kg7 30. h5 Rc7 31. h6+ Kf7 32. Nh2 Ke7 33. Ng4 Qd6 34. Rd1 Qc5 35. Qf3 Nd7 36. Rxd7+ Kxd7 37. Nxf6+ Kd6 38. Ne8+ 1-0

[Event "Sitges Sunway op 8th"]
[Site "Sitges"]
[Date "2021.12.16"]
[Round "4"]
[White "Zadruzny, Nicolaj"]
[Black "Tarigan, Gilbert Elroy"]
[Result "0-1"]
[WhiteElo "2348"]
[BlackElo "2149"]
[PlyCount "122"]
[EventDate "2021.12.13"]
[EventType "swiss"]
[EventRounds "10"]
[EventCountry "ESP"]
[SourceTitle "CBM 205 Extra"]
[Source "ChessBase"]
[SourceDate "2022.01.31"]
[SourceVersion "1"]
[SourceVersionDate "2022.01.31"]
[SourceQuality "1"]

1. d4 Nf6 2. c4 e6 3. Nf3 Bb4+ 4. Bd2 a5 5. a3 Bxd2+ 6. Qxd2 b6 7. Nc3 Bb7 8. Qf4 0-0 9. e4 d6 10. 0-0-0 Nfd7 11. e5 Qe7 12. Bd3 Rd8 13. Ne4 dxe5 14. dxe5 Na6 15. Bc2 Nac5 16. Nxc5 Nxc5 17. Nd4 Rd7 18. f3 Rad8 19. Rd2 Be4 20. Rhd1 Bxc2 21. Kxc2 h6 22. h4 Qe8 23. b3 c6 24. Qe3 Na6 25. g3 b5 26. Ne2 a4 27. Rxd7 axb3+ 28. Qxb3 Rxd7 29. Rxd7 Qxd7 30. Qd3 Qc7 31. f4 Qa5 32. cxb5 cxb5 33. Qc3 b4 34. axb4 Qa4+ 35. Kd2 Nxb4 36. Ke1 Nd5 37. Qd4 Qc2 38. Kf2 h5 39. Kf1 Qb1+ 40. Kg2 Qe1 41. Qe4 Qd2 42. Kf3 Qe1 43. Kg2 g6 44. Qd3 Kg7 45. Qe4 Ne7 46. Qf3 Nf5 47. Qf2 Qd1 48. Ng1 Qd3 49. Qf3 Ne3+ 50. Kh1 Qd2 51. Qe2 Qc1 52. Kh2 Nf1+ 53. Kg2 Nxg3 54. Kxg3 Qxg1+ 55. Kh3 Qb1 56. Qf3 Qe1 57. Qg3 Qh1+ 58. Qh2 Qf3+ 59. Qg3 Qh1+ 60. Qh2 Qxh2+ 61. Kxh2 g5 0-1

[Event "SWE-chT Lag SM"]
[Site "Stockholm"]
[Date "2021.10.23"]
[Round "2.1"]
[White "Malesevic, Nedeljko"]
[Black "Zadruzny, Nicolaj"]
[Result "1/2-1/2"]
[WhiteElo "2245"]
[BlackElo "2336"]
[PlyCount "98"]
[EventDate "2021.10.22"]
[EventType "team-tourn"]
[EventRounds "3"]
[EventCountry "SWE"]
[SourceTitle "CBM 204 Extra"]
[Source "ChessBase"]
[SourceDate "2021.11.30"]
[SourceVersion "1"]
[SourceVersionDate "2021.11.30"]
[SourceQuality "1"]
[WhiteTeam "Eksjo"]
[BlackTeam "Stockholm Rochaden"]
[WhiteTeamCountry "SWE"]
[BlackTeamCountry "SWE"]

1. d4 Nf6 2. c4 e6 3. Nf3 d5 4. cxd5 exd5 5. Bg5 c6 6. Nc3 h6 7. Bh4 Bf5 8. e3 Nbd7 9. Bd3 Bxd3 10. Qxd3 Bd6 11. 0-0 0-0 12. a3 a5 13. Rac1 Qe7 14. Qc2 Rfe8 15. Ne2 Qe6 16. Bg3 Ne4 17. Bxd6 Nxd6 18. Nf4 Qe7 19. Nd3 a4 20. Nfe5 Nxe5 21. Nxe5 Qc7 22. Rfe1 Qa5 23. Qe2 Qb5 24. Qxb5 Nxb5 25. Kf1 f6 26. Nd3 Re7 27. Rc2 Kf7 28. Rec1 h5 29. Nc5 h4 30. h3 g5 31. Rd1 Kg6 32. Nd3 Nd6 33. Nc5 Nc4 34. Rdc1 Nd6 35. Nd3 Kf5 36. Ke2 Ra5 37. Nb4 Ra8 38. Nd3 Nb5 39. Kd2 Nd6 40. Nc5 Kg6 41. Ke2 Kf7 42. Kf3 Kg6 43. Ke2 Kf7 44. Rb1 Nc4 45. Kf3 Ra5 46. Rbc1 Nd6 47. Nd3 Ra8 48. Nc5 Ra5 49. Nd3 Ra8 1/2-1/2

[Event "SWE-chB"]
[Site "Helsingborg"]
[Date "2021.07.10"]
[Round "8"]
[White "Lindberg, Bengt"]
[Black "Zadruzny, Nicolaj"]
[Result "1-0"]
[WhiteElo "2392"]
[BlackElo "2333"]
[PlyCount "117"]
[EventDate "2021.07.03"]
[EventType "tourn"]
[EventRounds "9"]
[EventCountry "SWE"]
[EventCategory "3"]
[SourceTitle "CBM 203 Extra"]
[Source "ChessBase"]
[SourceDate "2021.09.30"]
[SourceVersion "1"]
[SourceVersionDate "2021.09.30"]
[SourceQuality "1"]

1. e4 e5 2. Nf3 Nc6 3. Nc3 Nf6 4. Bb5 Bd6 5. 0-0 0-0 6. d3 h6 7. a3 Re8 8. h3 Bf8 9. Bc4 d6 10. Nd5 Nxd5 11. Bxd5 Ne7 12. Bb3 Ng6 13. Re1 Qf6 14. Nh2 Nf4 15. Qf3 g5 16. Ng4 Qg6 17. Ne3 h5 18. g4 h4 19. Nf5 Bg7 20. Kh2 Qf6 21. Bd2 Be6 22. Bc3 Qd8 23. Rad1 c5 24. Bc4 Qc7 25. Ne3 d5 26. exd5 e4 27. dxe4 Nxd5+ 28. Kg1 Nxe3 29. Qxe3 Bxc4 30. Bxg7 Kxg7 31. Qc3+ Re5 32. Qxc4 Rae8 33. Re3 b6 34. Rd5 f6 35. Qd3 R8e7 36. c4 R5e6 37. e5 fxe5 38. Qf5 Kh6 39. Rf3 Qb8 40. Rfd3 Qg8 41. Rd6 Qg6 42. Qf8+ Qg7 43. Qc8 Qf7 44. Qh8+ Qh7 45. Qxe5 Qxd3 46. Rxe6+ Rxe6 47. Qxe6+ Kg7 48. Kg2 Qd4 49. b4 cxb4 50. axb4 a5 51. bxa5 bxa5 52. Qf5 Qd8 53. Qe5+ Kf7 54. Qf5+ Ke8 55. c5 a4 56. c6 a3 57. Qe6+ Qe7 58. Qg8+ Qf8 59. Qxf8+ 1-0

[Event "SWE-chB"]
[Site "Helsingborg"]
[Date "2021.07.05"]
[Round "3"]
[White "Jogstad, Martin"]
[Black "Zadruzny, Nicolaj"]
[Result "1-0"]
[WhiteElo "2334"]
[BlackElo "2333"]
[PlyCount "95"]
[EventDate "2021.07.03"]
[EventType "tourn"]
[EventRounds "9"]
[EventCountry "SWE"]
[EventCategory "3"]
[SourceTitle "CBM 203 Extra"]
[Source "ChessBase"]
[SourceDate "2021.09.30"]
[SourceVersion "1"]
[SourceVersionDate "2021.09.30"]
[SourceQuality "1"]

1. d4 Nf6 2. Nf3 d5 3. g3 e6 4. Bg2 b5 5. 0-0 Nbd7 6. a4 b4 7. c4 bxc3 8. Nxc3 Be7 9. Bf4 a6 10. Qc2 Bb7 11. Rfc1 0-0 12. e4 dxe4 13. Ng5 c5 14. Ncxe4 Nxe4 15. Nxe4 cxd4 16. Bc7 Qc8 17. Qd1 Bxe4 18. Bxe4 Ra7 19. Bb6 Qb8 20. Bxa7 Qxa7 21. Qc2 Bc5 22. Bxh7+ Kh8 23. Bd3 a5 24. Qe2 g6 25. Rc2 Bd6 26. Rac1 Ne5 27. Rc8 Rxc8 28. Rxc8+ Kg7 29. f4 Nxd3 30. Qxd3 e5 31. fxe5 Bxe5 32. Rc2 Bf6 33. Kg2 Qb7+ 34. Qf3 Qd7 35. Qc6 Qe7 36. Rf2 Bg5 37. Qd5 Be3 38. Rc2 Qb4 39. Qe5+ Kh7 40. Qd5 Kg7 41. b3 Qe1 42. Qe5+ Kh7 43. Qf6 d3 44. Qxf7+ Kh6 45. Qf8+ Kh5 46. Qh8+ Kg4 47. Qh4+ Kf5 48. g4+ 1-0

[Event "SWE-chB"]
[Site "Helsingborg"]
[Date "2021.07.03"]
[Round "1"]
[White "Thorn, Eric"]
[Black "Zadruzny, Nicolaj"]
[Result "1/2-1/2"]
[WhiteElo "2271"]
[BlackElo "2333"]
[PlyCount "64"]
[EventDate "2021.07.03"]
[EventType "tourn"]
[EventRounds "9"]
[EventCountry "SWE"]
[EventCategory "3"]
[SourceTitle "CBM 203 Extra"]
[Source "ChessBase"]
[SourceDate "2021.09.30"]
[SourceVersion "1"]
[SourceVersionDate "2021.09.30"]
[SourceQuality "1"]

1. d4 Nf6 2. c4 e6 3. Nf3 d5 4. Nc3 Bb4 5. Bg5 h6 6. Bxf6 Qxf6 7. Qa4+ Nc6 8. e3 0-0 9. Be2 dxc4 10. 0-0 Qe7 11. Bxc4 Na5 12. Bd3 Bxc3 13. bxc3 b6 14. Be4 Bb7 15. Bxb7 Nxb7 16. Ne5 c5 17. Rfd1 Qc7 18. Rac1 Rfd8 19. h3 Rac8 20. Qa6 Na5 21. Nd3 Rd6 22. Qb5 cxd4 23. cxd4 Rc6 24. Qa6 Qb7 25. Qxb7 Nxb7 26. Kf1 Kf8 27. Ke2 Ke7 28. Rxc6 Rxc6 29. Ne5 Rc7 30. Kd3 Nd8 31. Rb1 Nc6 32. Nxc6+ Rxc6 1/2-1/2

[Event "Graz op-A"]
[Site "Graz"]
[Date "2020.02.20"]
[Round "8"]
[White "Zadruzny, Nicolaj"]
[Black "Trippold, Denise"]
[Result "1-0"]
[WhiteElo "2334"]
[BlackElo "2187"]
[PlyCount "59"]
[EventDate "2020.02.14"]
[EventType "swiss"]
[EventRounds "9"]
[EventCountry "AUT"]
[SourceTitle "CBM 195 Extra"]
[Source "ChessBase"]
[SourceDate "2020.05.31"]
[SourceVersion "1"]
[SourceVersionDate "2020.05.31"]
[SourceQuality "1"]

1. Nf3 d5 2. d4 Nf6 3. g3 c5 4. Bg2 cxd4 5. 0-0 h6 6. b3 e6 7. Bb2 Be7 8. Nxd4 0-0 9. c4 dxc4 10. bxc4 Qc7 11. Nd2 a6 12. Qc2 Bd7 13. Rfc1 Nc6 14. Rab1 Rfd8 15. Bc3 Be8 16. e3 Rab8 17. Qb2 Rdc8 18. N2b3 b6 19. Nxc6 Bxc6 20. Be5 Ba3 21. Qc3 Qe7 22. Bxc6 Bxc1 23. Rxc1 Rxc6 24. Bxb8 Nd7 25. Nd4 Rc5 26. Ba7 Qd8 27. Rd1 Qc7 28. Nb3 Rxc4 29. Qd3 Nf8 30. Bxb6 1-0

[Event "Graz op-A"]
[Site "Graz"]
[Date "2020.02.18"]
[Round "5"]
[White "Yankelevich, Lev"]
[Black "Zadruzny, Nicolaj"]
[Result "1/2-1/2"]
[WhiteElo "2473"]
[BlackElo "2334"]
[PlyCount "60"]
[EventDate "2020.02.14"]
[EventType "swiss"]
[EventRounds "9"]
[EventCountry "AUT"]
[SourceTitle "CBM 195 Extra"]
[Source "ChessBase"]
[SourceDate "2020.05.31"]
[SourceVersion "1"]
[SourceVersionDate "2020.05.31"]
[SourceQuality "1"]

1. d4 Nf6 2. c4 e6 3. Nf3 d5 4. Nc3 Be7 5. Bf4 0-0 6. e3 Nbd7 7. Be2 dxc4 8. 0-0 c5 9. dxc5 Nxc5 10. Bxc4 a6 11. Ne5 Ncd7 12. Qf3 Nxe5 13. Bxe5 Qa5 14. Bg3 Qb4 15. Qe2 Bd7 16. a3 Qc5 17. Rac1 Nh5 18. Ne4 Nxg3 19. Nxc5 Nxe2+ 20. Bxe2 Bxc5 21. Rxc5 Rfc8 22. Rfc1 Rxc5 23. Rxc5 Rc8 24. Rxc8+ Bxc8 25. e4 e5 26. Bc4 Kf8 27. f3 Ke7 28. Bd5 b6 29. Kf2 Be6 30. Bxe6 Kxe6 1/2-1/2

[Event "Graz op-A"]
[Site "Graz"]
[Date "2020.02.17"]
[Round "4"]
[White "Zadruzny, Nicolaj"]
[Black "Metaxasz, Vaszilisz"]
[Result "1-0"]
[WhiteElo "2334"]
[BlackElo "2027"]
[PlyCount "55"]
[EventDate "2020.02.14"]
[EventType "swiss"]
[EventRounds "9"]
[EventCountry "AUT"]
[SourceTitle "CBM 195 Extra"]
[Source "ChessBase"]
[SourceDate "2020.05.31"]
[SourceVersion "1"]
[SourceVersionDate "2020.05.31"]
[SourceQuality "1"]

1. e4 e5 2. Nf3 Nc6 3. Bc4 Bc5 4. 0-0 Nf6 5. d3 0-0 6. a4 h6 7. h3 a6 8. c3 Ba7 9. a5 Re8 10. Qb3 Qe7 11. Be3 d6 12. Re1 Bxe3 13. Rxe3 Nd8 14. d4 Ne6 15. dxe5 Nc5 16. Bxf7+ Qxf7 17. Qxf7+ Kxf7 18. exf6 Kxf6 19. Nbd2 Bd7 20. Rae1 Bc6 21. Nd4 Bd7 22. b4 Ne6 23. Nxe6 Rxe6 24. f3 Ree8 25. Kf2 b6 26. axb6 cxb6 27. Nc4 Rab8 28. Nxd6 1-0

[Event "Sitges Sunway op 6th"]
[Site "Sitges"]
[Date "2019.12.16"]
[Round "4"]
[White "Zadruzny, Nicolaj"]
[Black "Garriga Cazorla, Pere"]
[Result "1/2-1/2"]
[WhiteElo "2308"]
[BlackElo "2484"]
[PlyCount "82"]
[EventDate "2019.12.13"]
[EventType "swiss"]
[EventRounds "10"]
[EventCountry "ESP"]
[SourceTitle "CBM 193 Extra"]
[Source "ChessBase"]
[SourceDate "2020.01.31"]
[SourceVersion "1"]
[SourceVersionDate "2020.01.31"]
[SourceQuality "1"]

1. e4 c5 2. Nf3 d6 3. Bb5+ Nd7 4. c3 Ngf6 5. Qe2 a6 6. Ba4 b5 7. Bc2 e6 8. 0-0 Be7 9. d4 Bb7 10. Re1 Qc7 11. a4 0-0 12. axb5 axb5 13. Rxa8 Rxa8 14. Na3 b4 15. Nb5 Qb6 16. e5 Ne8 17. dxc5 Qxc5 18. Be3 Qc6 19. exd6 Nxd6 20. Nbd4 Qc4 21. cxb4 Qxb4 22. Bd2 Qc4 23. Qe3 Nc5 24. Ne5 Qd5 25. f3 Bf6 26. Bc3 Nc4 27. Nxc4 Qxc4 28. Ne2 Bxc3 29. Qxc3 Qxc3 30. Nxc3 Kf8 31. Kf2 Ke7 32. f4 g6 33. g4 h6 34. h4 Nd7 35. Be4 Bxe4 36. Nxe4 Rb8 37. Re2 Nf6 38. Nxf6 Kxf6 39. g5+ hxg5 40. hxg5+ Ke7 41. Ke3 Rb4 1/2-1/2

[Event "SWE-chT 1920 Superettan"]
[Site "Sweden"]
[Date "2019.10.19"]
[Round "2"]
[White "Zadruzny, Nicolaj"]
[Black "Kockum, Anton Frisk"]
[Result "1-0"]
[WhiteElo "2278"]
[BlackElo "2366"]
[PlyCount "103"]
[EventDate "2019.10.18"]
[EventType "team-tourn"]
[EventRounds "9"]
[EventCountry "SWE"]
[SourceTitle "EXT 2023"]
[Source "ChessBase"]
[SourceDate "2022.10.05"]
[SourceVersion "1"]
[SourceVersionDate "2022.10.05"]
[SourceQuality "1"]
[WhiteTeam "Stockholm Rockaden II"]
[BlackTeam "Orgryte"]
[WhiteTeamCountry "SWE"]
[BlackTeamCountry "SWE"]

1. Nf3 g6 2. e4 c5 3. d4 cxd4 4. Nxd4 Nc6 5. c4 Bg7 6. Be3 Nf6 7. Nc3 0-0 8. Be2 d6 9. 0-0 Bd7 10. Qd2 Nxd4 11. Bxd4 Bc6 12. f3 a5 13. b3 Nd7 14. Be3 f5 15. exf5 Rxf5 16. f4 Nc5 17. Rad1 Rf8 18. Bg4 Kh8 19. Bf3 Bxf3 20. Rxf3 Rc8 21. Nb5 a4 22. Bd4 axb3 23. Bxg7+ Kxg7 24. axb3 Rf6 25. Re1 Qf8 26. Rfe3 e5 27. fxe5 dxe5 28. Rxe5 Rd8 29. Re7+ Kg8 30. Qe3 Nd7 31. Nc7 Rf7 32. Nd5 Rxe7 33. Nxe7+ Kg7 34. Nd5 Qc5 35. Qxc5 Nxc5 36. Re7+ Kh6 37. b4 Nd7 38. h4 g5 39. Re6+ Kh5 40. Rd6 Kxh4 41. Nb6 Nxb6 42. Rxd8 g4 43. Rd4 Kg3 44. c5 Na4 45. Rd7 h5 46. Rxb7 Nc3 47. c6 h4 48. c7 h3 49. gxh3 gxh3 50. c8Q h2+ 51. Kh1 Ne4 52. Rg7+ 1-0

[Event "SWE-chT 1819 Superettan"]
[Site "Sweden"]
[Date "2018.11.09"]
[Round "1"]
[White "Andersson, Fredrik1111"]
[Black "Zadruzny, Nicolaj"]
[Result "1/2-1/2"]
[WhiteElo "2287"]
[BlackElo "2283"]
[PlyCount "90"]
[EventDate "2018.11.09"]
[EventType "team-tourn"]
[EventRounds "9"]
[EventCountry "SWE"]
[SourceTitle "EXT 2020"]
[Source "ChessBase"]
[SourceDate "2019.10.17"]
[SourceVersion "1"]
[SourceVersionDate "2019.10.17"]
[SourceQuality "1"]
[WhiteTeam "Kungstornet"]
[BlackTeam "Stockholm Rockaden II"]
[WhiteTeamCountry "SWE"]
[BlackTeamCountry "SWE"]

1. e4 e5 2. Nf3 Nc6 3. Bb5 a6 4. Ba4 Nf6 5. 0-0 b5 6. Bb3 Bc5 7. a4 Rb8 8. c3 d6 9. d4 Bb6 10. a5 Ba7 11. h3 h6 12. Be3 exd4 13. cxd4 0-0 14. Nc3 b4 15. Ne2 Ne7 16. Ng3 d5 17. exd5 Nfxd5 18. Ne5 Be6 19. Qd3 Rb5 20. Bc4 Nxe3 21. fxe3 Bxc4 22. Qxc4 Qd5 23. Qxd5 Rxd5 24. Nd3 c5 25. Nxc5 Bxc5 26. dxc5 Rxc5 27. Rf4 Rb8 28. Ra4 Nc6 29. Ne4 Rxa5 30. Rxa5 Nxa5 31. Nc5 Rb6 32. Kf2 Nc6 33. Ke2 Ne5 34. Rd4 f6 35. b3 Rc6 36. Rd5 Kf7 37. Kd2 Ke7 38. Ne4 Rc7 39. Ra5 Rd7+ 40. Kc2 Rc7+ 41. Kd2 Rd7+ 42. Ke2 Nd3 43. Rxa6 Nc1+ 44. Kf3 Nxb3 45. Rb6 Nd2+ 1/2-1/2

[Event "SWE Cup"]
[Site "Sweden"]
[Date "2017.03.26"]
[Round "9.4"]
[White "Zadruzny, Nicolaj"]
[Black "Solodovnichenko, Yuri"]
[Result "0-1"]
[WhiteElo "2247"]
[BlackElo "2567"]
[PlyCount "64"]
[EventDate "2017.01.14"]
[EventType "team-tourn"]
[EventRounds "9"]
[EventCountry "SWE"]
[SourceTitle "EXT 2018"]
[Source "ChessBase"]
[SourceDate "2017.10.13"]
[SourceVersion "1"]
[SourceVersionDate "2017.10.13"]
[SourceQuality "1"]
[WhiteTeam "Stockholm Rockaden II"]
[BlackTeam "Vaxjo"]
[WhiteTeamCountry "SWE"]
[BlackTeamCountry "SWE"]

1. e4 c5 2. Nf3 e6 3. b3 Nf6 4. e5 Nd5 5. c4 Nb4 6. Bb2 d6 7. a3 N4c6 8. exd6 Qxd6 9. b4 cxb4 10. d4 bxa3 11. Rxa3 Qf4 12. d5 Bxa3 13. Bxa3 Ne5 14. Nxe5 Qxe5+ 15. Be2 Na6 16. 0-0 Bd7 17. Re1 0-0-0 18. Bf3 Qc7 19. Qd4 exd5 20. Qxa7 Rhe8 21. Rc1 Bf5 22. Nd2 Bd3 23. g3 d4 24. c5 Re6 25. Nc4 Bxc4 26. Rxc4 Qb8 27. Qb6 Rxb6 28. cxb6+ Kd7 29. Rxd4+ Ke6 30. Re4+ Kf5 31. Rf4+ Qxf4 32. gxf4 Rd3 0-1

[Event "SWE-chT 1617"]
[Site "Sweden"]
[Date "2017.01.14"]
[Round "4.4"]
[White "Hedin, Gunnar"]
[Black "Zadruzny, Nicolaj"]
[Result "1/2-1/2"]
[WhiteElo "2157"]
[BlackElo "2247"]
[PlyCount "90"]
[EventDate "2016.10.14"]
[EventType "team-tourn"]
[EventRounds "9"]
[EventCountry "SWE"]
[SourceTitle "CBM 177 Extra"]
[Source "ChessBase"]
[SourceDate "2017.04.27"]
[SourceVersion "1"]
[SourceVersionDate "2017.04.27"]
[SourceQuality "1"]
[WhiteTeam "Farsta"]
[BlackTeam "Stockholm Rockaden"]
[WhiteTeamCountry "SWE"]
[BlackTeamCountry "SWE"]

1. f4 g6 2. Nf3 Bg7 3. d3 d5 4. g3 Nf6 5. Bg2 0-0 6. 0-0 c5 7. c3 Nc6 8. Na3 Rb8 9. Qe1 b5 10. Nc2 b4 11. cxb4 Nxb4 12. Nxb4 Rxb4 13. Ne5 Qd6 14. Rb1 Nd7 15. Nxd7 Bxd7 16. b3 e5 17. Bd2 Rb6 18. fxe5 Bxe5 19. Bf4 Re8 20. Qd2 Bg4 21. e3 Qe6 22. Rbc1 d4 23. e4 Rb5 24. Rc4 Bg7 25. Rfc1 Bf8 26. Ra4 Qb6 27. h3 Bd7 28. Kh2 Rc8 29. Rc2 a5 30. Bh6 Be7 31. h4 Rb4 32. Rxb4 cxb4 33. Rxc8+ Bxc8 34. Qc2 Qc5 35. Qxc5 Bxc5 36. Bh3 f5 37. exf5 gxf5 38. Bg2 Be6 39. Bc6 Kf7 40. Kg2 Ke7 41. Bf4 Bb6 42. Kf3 Kf6 43. Bg5+ Ke5 44. Bf4+ Kf6 45. Bg5+ Ke5 1/2-1/2

[Event "SWE-chT 1516"]
[Site "Sweden"]
[Date "2016.01.16"]
[Round "4.3"]
[White "Zadruzny, Nicolaj"]
[Black "Livner, Anders"]
[Result "1/2-1/2"]
[WhiteElo "2235"]
[BlackElo "2322"]
[PlyCount "97"]
[EventDate "2015.11.06"]
[EventType "team-tourn"]
[EventRounds "9"]
[EventCountry "SWE"]
[SourceTitle "CBM 170 Extra"]
[Source "ChessBase"]
[SourceDate "2016.02.25"]
[SourceVersion "1"]
[SourceVersionDate "2016.02.25"]
[SourceQuality "1"]
[WhiteTeam "Burgsvik Alva"]
[BlackTeam "Farsta"]
[WhiteTeamCountry "SWE"]
[BlackTeamCountry "SWE"]

1. e4 c6 2. Nf3 d5 3. exd5 cxd5 4. Ne5 Nf6 5. d4 g6 6. Bd3 Bg7 7. Nd2 Nc6 8. Nxc6 bxc6 9. Nb3 Qb6 10. 0-0 0-0 11. Qf3 Nd7 12. Bf4 Qb4 13. Rfe1 Re8 14. c3 Qa4 15. h4 Bb7 16. Qg3 c5 17. Nxc5 Nxc5 18. dxc5 Rac8 19. h5 Rxc5 20. hxg6 hxg6 21. Be5 Rc6 22. Bxg7 Kxg7 23. Re3 Rf6 24. a3 d4 25. Qg4 Rxf2 26. Rg3 Rf6 27. Qxd4 Qxd4+ 28. cxd4 Rd8 29. Rc1 Rc6 30. Rxc6 Bxc6 31. Re3 Rxd4 32. Be2 e6 33. b4 Rd2 34. Bf1 Ra2 35. Rc3 Bd5 36. g3 Kf6 37. Bb5 Ke5 38. Be8 Kd4 39. Rc7 Rxa3 40. Bxf7 Rxg3+ 41. Kh2 Rg2+ 42. Kh3 a6 43. Bxe6 Re2 44. Bxd5 Kxd5 45. Rc5+ Kd4 46. Rc6 Ra2 47. Rxg6 Kc4 48. Rb6 Ra4 49. Kg3 1/2-1/2